000 00322nam a2200121Ia 4500
008 240624s9999 xx 000 0 und d
041 _aeng
082 _a658.472 LEB
100 _aLEBLANC PATRICK
245 _aAPPLIED MICROSOFT BUSINESS INTELLIGENCE
260 _c2015
_aNew Delhi
_bWiley
300 _axxvii, 401 p.; 23 cm.
999 _c30814
_d30814